000 00528nmm a2200169Ia 4500
008 251105s9999||||xx |||||||||||||||||und||
020 _a8497421035
041 _aspa
100 _aRamírez González, Marta
245 0 _aCuando los padres se separan. Alternativas de custodia para los hijos
264 _a[Madrid, España] :
_bBiblioteca Nueva,
_c2003
300 _a284 páginas
490 _aPsicología Universidad
650 _aCultural Studies
856 _uhttps://public.digitaliapublishing.com/a/4945
942 _cCF
999 _c74070
_d74070